000 00372nam a2200145Ia 4500
008 150201s2003 xx 000 0 und d
082 _a615.321
_bP2003K
100 _aKHANNA,N.K.
245 _aPRINCIPLES OF DENTAL PHARMACOLOGY
250 _a1ST
260 _bC.B.S PUBLISHERS & DISTRIBUTERS
_aDELHI
_c2003
300 _a1-312
650 _aPHARMACOLOGY
942 _2ddc
_cBK
999 _c3057
_d3057